000
00252nam a2200097Ia 4500
001
908890
005
20250826185103.0
008
250824s9999 xx 000 0 und d
245
0
_a
YUNUS EMRE AŞKIN VAV HALİ
_c
MUSTAFA AKGÜN
260
_b
PANAMA YAYINLARI
999
_c
908890
_d
908890